Catalog

Record Details

Catalog Search



Available copies

  • 2 of 2 copies available at LARL/NWRL Consortium. (Show)
  • 2 of 2 copies available at Lake Agassiz Regional Library.

Current holds

0 current holds with 2 total copies.

Show Only Available Copies
Location Call Number / Copy Notes Barcode Shelving Location Status Due Date
Breckenridge Public Library Y CHO (Text) 33500014367015 New Available -
Hawley Public Library Y CHO (Text) 33500014367007 New Available -

Record details

  • ISBN: 9780593406816
  • ISBN: 0593406818
  • ISBN: 9780593406830
  • ISBN: 0593406834
  • ISBN: 9798217238491
  • Physical Description: 360, 8 pages : illustrations ; 22 cm
  • Publisher: New York, NY : Nancy Paulsen Books, 2026.

Content descriptions

Summary, etc.:
"Seventeen-year-old Grace Bak's life is upended ... Read More
Target Audience Note:
Ages 12 up Nancy Paulsen Books.
Grades 7-9 Nancy Paulsen Books.
Subject: Mythology, Korean > Juvenile fiction.
Gods > Juvenile fiction.
Webcomics > Juvenile fiction.
Korean Americans > Juvenile fiction.
Korean mythology > Fiction.
Gods > Fiction.
Cartoons and comics > Fiction.
Korean Americans > Fiction.
Romance stories.
Genre: Romance fiction.
Young adult fiction.
Romance fiction.
Mythological fiction.
Novels.
Fiction.
LDR 04072cam a22008898i 4500
001482520
003LARL_NWRL_CONSORTIUM
00520260427200253.0
008250516s2026 nyua d 000 1 eng
007ta
010 . ‡a 2025021026
040 . ‡aDLC ‡beng ‡erda ‡cDLC ‡dIG# ‡dOCLCO ‡dBDX ‡dYDX ‡dUKMGB ‡dCHILD ‡dOCLCO ‡dORX ‡dOCLCO ‡dLE# ‡dJAS ‡dOCLCO
015 . ‡aGBC6036858 ‡2bnb
0167 . ‡a300702254 ‡2Uk
019 . ‡a1545793221 ‡a1578999308
020 . ‡a9780593406816 ‡qhardcover
020 . ‡a0593406818 ‡qhardcover
020 . ‡a9780593406830 ‡qtrade paperback
020 . ‡a0593406834 ‡qtrade paperback
020 . ‡a9798217238491 ‡qpaperback
0248 . ‡aCIPO000351769
035 . ‡a(OCoLC)1522762209 ‡z(OCoLC)1545793221 ‡z(OCoLC)1578999308
042 . ‡apcc
043 . ‡an-us--- ‡0http://id.loc.gov/authorities/names/n78095330
08200. ‡a[Fic] ‡223/eng/20250516
1001 . ‡aCho, Kat, ‡eauthor. ‡1https://id.oclc.org/worldcat/entity/E39PCjFvTb3hGWXJFQQT44mG9C
24510. ‡aGods & comics / ‡cKat Cho.
2463 . ‡aGods and comics
264 1. ‡aNew York, NY : ‡bNancy Paulsen Books, ‡c2026.
300 . ‡a360, 8 pages : ‡billustrations ; ‡c22 cm
334 . ‡asingle unit ‡bmono ‡0http://id.loc.gov/vocabulary/issuance/mono
336 . ‡atext ‡btxt ‡2rdacontent ‡0http://id.loc.gov/vocabulary/contentTypes/txt
337 . ‡aunmediated ‡bn ‡2rdamedia ‡0http://id.loc.gov/vocabulary/mediaTypes/n
338 . ‡avolume ‡bnc ‡2rdacarrier ‡0http://id.loc.gov/vocabulary/carriers/nc
385 . ‡mAge group ‡nage ‡aTeenagers ‡0http://id.loc.gov/authorities/demographicTerms/dg2015060011
520 . ‡a"Seventeen-year-old Grace Bak's life is upended when the gods in her anonymous webtoon comic, inspired by the Korean myth of Haemosu, come to life and Haemosu, himself, falls in love with her"-- Provided by publisher.
521 . ‡aAges 12 up ‡bNancy Paulsen Books.
521 . ‡aGrades 7-9 ‡bNancy Paulsen Books.
650 0. ‡aMythology, Korean ‡vJuvenile fiction.
650 0. ‡aGods ‡vJuvenile fiction.
650 0. ‡aWebcomics ‡vJuvenile fiction.
650 0. ‡aKorean Americans ‡vJuvenile fiction. ‡0(LARL_NWRL_CONSORTIUM)172666
650 1. ‡aKorean mythology ‡vFiction.
650 1. ‡aGods ‡vFiction. ‡0(LARL_NWRL_CONSORTIUM)172323
650 1. ‡aCartoons and comics ‡vFiction.
650 1. ‡aKorean Americans ‡vFiction. ‡0(LARL_NWRL_CONSORTIUM)169842
650 1. ‡aRomance stories.
655 0. ‡aRomance fiction.
655 0. ‡aYoung adult fiction.
655 7. ‡aRomance fiction. ‡2lcgft
655 7. ‡aMythological fiction. ‡2lcgft
655 7. ‡aNovels. ‡2lcgft
655 7. ‡aFiction. ‡2lcgft
758 . ‡1http://id.loc.gov/resources/instances/24206879
758 . ‡4http://id.loc.gov/ontologies/bibframe/instanceOf ‡1http://id.loc.gov/resources/works/24206879
77608. ‡iOnline version ‡4http://id.loc.gov/entities/relationships/onlineversion ‡aCho, Kat ‡tGods & comics ‡dNew York, NY : Nancy Paulsen Books, 2026 ‡z9780593406823 ‡w(DLC) 2025021027
884 . ‡aDLC bibframe2marc v2.10-dev ‡g20250516 ‡qDLC ‡uhttps://github.com/lcnetdev/bibframe2marc/releases/tag/v2.10-dev
901 . ‡a482520 ‡bOCoLC ‡c482520 ‡tbiblio ‡soclc

Additional Resources